000 00334nam a2200157Ia 4500
100 _aGokhale/ M.Y./ N.S. Mujumdar
490 _v2
942 _cBK
654 _amathematics II
245 _aApplied Mathematics-II
260 _bNirali prakashan
_c1999
082 _a519
_bGOK
300 _a417
546 _aENGLISH
999 _c32937
_d32937